Detalles MARC
| 000 -LEADER |
| campo de control de longitud fija |
01948cam a22003854i 4500 |
| 003 - IDENTIFICADOR DE NÚMERO DE CONTROL |
| campo de control |
PE-LiUPU |
| 005 - FECHA Y HORA DE LA ÚLTIMA TRANSACCIÓN |
| campo de control |
20250731184107.0 |
| 008 - DATOS DE LONGITUD FIJA--INFORMACIÓN GENERAL |
| campo de control de longitud fija |
150616s r 000 0 d |
| 020 ## - NÚMERO INTERNACIONAL ESTÁNDAR DEL LIBRO |
| Número Internacional Estándar del Libro |
8434700794 |
| 035 ## - NÚMERO DE CONTROL DEL SISTEMA |
| Número de control de sistema |
(Sirsi) i9788434700796 |
| 040 ## - FUENTE DE CATALOGACIÓN |
| Centro catalogador/agencia de origen |
PE-LiUPU |
| Lengua de catalogación |
spa |
| Centro/agencia transcriptor |
PE-LiUPU |
| Normas de descripción |
rda |
| 049 ## - FONDOS LOCALES (OCLC) |
| Biblioteca depositaria |
PRUA |
| 082 04 - NÚMERO DE LA CLASIFICACIÓN DECIMAL DEWEY |
| Número de clasificación |
843.91 |
| Cutter |
G412e |
| Número de edición |
23 |
| 100 ## - ENTRADA PRINCIPAL--NOMBRE DE PERSONA |
| Nombre de persona |
Gheorghiu, C. Virgil |
| Término indicativo de función/relación |
autor. |
| 9 (RLIN) |
2027 |
| 245 10 - MENCIÓN DEL TÍTULO |
| Título |
Esa sangre que infecta la ciudad / |
| Mención de responsabilidad, etc. |
Virgil Gheorghiu ; traducción Jorge Onfray. |
| 264 #1 - PRODUCCIÓN, PUBLICACIÓN, DISTRIBUCIÓN, FABRICACIÓN Y COPYRIGHT |
| Producción, publicación, distribución, fabricación y copyright |
Santiago de Chile : |
| Nombre del de productor, editor, distribuidor, fabricante |
Editorial Zig-Zag, |
| Fecha de producción, publicación, distribución, fabricación o copyright |
1964. |
| 300 ## - DESCRIPCIÓN FÍSICA |
| Extensión |
287 páginas ; |
| Dimensiones |
18 centímetros. |
| 336 ## - TIPO DE CONTENIDO |
| Término de tipo de contenido |
text |
| Fuente |
rdacontent |
| 337 ## - TIPO DE MEDIO |
| Nombre/término del tipo de medio |
unmediated |
| Fuente |
rdamedia |
| 338 ## - TIPO DE SOPORTE |
| Nombre/término del tipo de soporte |
volume |
| Fuente |
rdacarrier |
| 490 0# - MENCIÓN DE SERIE |
| Mención de serie |
(Colección de Bolsillo Selección Zig-Zag ; |
| Designación de volumen o secuencia |
50) |
| 505 0# - NOTA DE CONTENIDO CON FORMATO |
| Nota de contenido con formato |
Agapia es una ciudad en el gran arrabal de Europa -- Asesinato en el castillo -- El primer relato del crimen -- El castillo ganado a los naipes -- Los últimos minutos de la vida del soldado Anton Tuniade -- La nieve no tiene memoria -- Patricia Tuniade, madre del soldado asesinado -- Rastros en la nieve -- El asesino llegó en tren por el norte -- El segundo viaje no existe -- El asesino era un hombre sin armas -- El barco que ancló en el cielo -- Vida y muerte de un sátrapa moldavo -- Inspección policial en la casa sin hacha -- Flora y la hipótesis del crimen pasional -- Ismael el Lipavano y su terrible religión -- El descubrimiento del asesino -- Los confites del asesino -- Los detectives de media noche -- Milagros de policía. |
| 526 ## - NOTA DE INFORMACIÓN SOBRE EL PROGRAMA DE ESTUDIO |
| Nombre del programa |
Comunicación Y Periodismo |
| 526 ## - NOTA DE INFORMACIÓN SOBRE EL PROGRAMA DE ESTUDIO |
| Nombre del programa |
Educación, Especialidad Inglés Y Español (A Distancia) |
| 526 ## - NOTA DE INFORMACIÓN SOBRE EL PROGRAMA DE ESTUDIO |
| Nombre del programa |
Educación, Especialidad Inglés Y Español |
| 526 ## - NOTA DE INFORMACIÓN SOBRE EL PROGRAMA DE ESTUDIO |
| Nombre del programa |
Educación secundaria, especialidad lingüística e inglés |
| 526 ## - NOTA DE INFORMACIÓN SOBRE EL PROGRAMA DE ESTUDIO |
| Nombre del programa |
Ciencias de la comunicación |
| 650 #7 - PUNTO DE ACCESO ADICIONAL DE MATERIA--TÉRMINO DE MATERIA |
| Término de materia o nombre geográfico como elemento de entrada |
Novela policíaca francesa |
| Fuente del encabezamiento o término |
BLAAUTO |
| 9 (RLIN) |
2114 |
| 650 #7 - PUNTO DE ACCESO ADICIONAL DE MATERIA--TÉRMINO DE MATERIA |
| Término de materia o nombre geográfico como elemento de entrada |
Investigación criminal |
| Subdivisión de forma |
Novela |
| Fuente del encabezamiento o término |
BLAAUTO |
| 9 (RLIN) |
2115 |
| 700 ## - ENTRADA AGREGADA--NOMBRE PERSONAL |
| Nombre de persona |
Onfray, Jorge, |
| Término indicativo de función/relación |
traductor. |
| 9 (RLIN) |
2116 |
| 910 ## - DATOS DE OPCIÓN DEL USUARIO (OCLC) |
| Datos de opción del usuario |
jck |
| 942 ## - ELEMENTOS DE ENTRADA SECUNDARIOS (KOHA) |
| Fuente del sistema de clasificación o colocación |
Clasificación Decimal Dewey |
| Tipo de ítem Koha |
Libros físicos |
| 980 ## - EQUIVALENCIA O REFERENCIA-CRUZADA-MENCIÓN DE SERIE--NOMBRE DE PERSONA/TÍTULO [LOCAL, CANADÁ] |
| ID del último usuario que modificó el registro |
1 |
| Nombre del último usuario que modificó el registro |
ALBERTO SANCHEZ Responsable de Automatización |